Loading...
| Science - Chemistry | 2 | 6 | 2 | 0 | 80 | 69 | 89.25 | 0 | 2 |
| Science - Physics | 1 | 5 | 1 | 0 | 60 | 59 | 93.17 | 1 | 2 |
| Fine Arts - Classical Music and Opera | 2 | 3 | 2 | 0 | 50 | 47 | 86.20 | 1 | 3 |
| Science - Biology | 0 | 4 | 0 | 0 | 40 | 130 | 137.25 | 0 | 1 |
| Literature - European Literature | 0 | 4 | 0 | 1 | 40 | 100 | 118.75 | 1 | 2 |
| Other Science (Math) | 0 | 3 | 0 | 0 | 30 | 73 | 94.33 | 1 | 2 |
| Literature - American Literature | 0 | 2 | 1 | 0 | 15 | 104 | 112.00 | 0 | 1 |
| History - World History | 0 | 1 | 0 | 0 | 10 | 141 | 141.00 | 0 | 0 |
| Literature - British Literature | 0 | 2 | 2 | 1 | 10 | 136 | 146.50 | 0 | 0 |
| Literature - World Literature | 1 | 0 | 1 | 0 | 10 | 80 | 80.00 | 1 | 1 |
| Other Culture | 0 | 1 | 0 | 0 | 10 | 155 | 155.00 | 0 | 0 |
| Other Science (Earth Science) | 0 | 1 | 0 | 0 | 10 | 135 | 135.00 | 0 | 0 |
| Fine Arts - Other Arts | 0 | 1 | 0 | 0 | 10 | 137 | 137.00 | 0 | 0 |
| Other Science (Astronomy) | 0 | 1 | 1 | 1 | 5 | 151 | 151.00 | 0 | 0 |
| Mythology | 0 | 0 | 1 | 0 | -5 | 0.00 | 0 | 0 | |
| Other Science (Computer Science) | 0 | 0 | 1 | 0 | -5 | 0.00 | 0 | 0 | |
| History - European History | 0 | 0 | 1 | 0 | -5 | 0.00 | 0 | 0 |